00692nam a2200169 a 450000100100000000500170001000800410002704000250006808200150009310000350010824500520014326000350019530000270023050000580025795201900031599900170050500004626920201002052742.0150714s1996 dr a 000 0 spa d aDO-SdBNPbspacBNPHU axxxxbxxxx1 aBáez, Marcial,d1953-97428713aLa intensión de mis deseos /cMarcial Báez. aSanto Domingo :bGente,c1996. a83 p. :bil. ;c21 cm. aIncluye datos biográficos del autor en las solapas. 0010718PDaPDbPDcCTd2015-07-14iLF1l0oxxxx xxxxp46269-10r2020-06-25w2020-06-25yLFPDzPerteneció a la bilblioteca personal de Chiqui Vicioso Fidelio Despradel.ZNo se presta c45758d45758